Quiz wiedzy ogólnej o skokach narciarskich #1 - Statystyki

Ogólne statystyki
  • Ten quiz został rozwiązany 63 razy
    19 od ostatniego zresetowania
  • Średni wynik to 12 z 15
Statystyki odpowiedzi
Zagadnienie Odpowiedź % Poprawnych
Rekordzista Polski w skoku narciarskim {Kamil Stoch}(251,5m)
100%
Największa skocznia narciarska na świecie.(Na której odbył się Puchar Świata, brany jest pod uwagę rekord skoczni) Letalnica
100%
Najwięcej zwycięstw w klasyfikacji generalnej PŚ {Matti Nykänen|Adam Małysz} (4razy)
100%
Jaka jest największa skocznia narciarska w Polsce? Wielka Krokiew
100%
Najwięcej zdobytych punktów w sezonie PŚ(reprezentacja) {Austria}(8149 pkt)
92%
NIEOFICJALNY rekordzista świata w skoku narciarskim {Ryoyu Kobayashi}(291,0m)
92%
Zniszczony czeski mamut Harrachov
85%
OFICJALNY rekordzista świata w skoku narciarskim {Domen Prevc}(254,5m)
77%
Najwięcej razy na podium PŚ w roku kalendarzowym {Adam Małysz}(22 razy)
69%
Najwięcej zdobytych punktów w roku kalendarzowym PŚ {Adam Małysz}(2307 pkt)
69%
Najwięcej zwycięstw w konkursach PŚ {Gregor Schlierenzauer}(53 razy)
69%
Najwięcej zwycięstw w sezonie PŚ {Peter Prevc}(15 razy)
69%
Najwięcej zdobytych punktów w sezonie PŚ(skoczek) {Peter Prevc}(2303 pkt)
69%
Najwięcej razy na podium w konkursach PŚ {Stefan Kraft}(125 razy)
69%
Pierwszy rekordzista w skoku narciarskim(9,5m) Olaf Rye
23%
Nie znaleziono quizów pasujących do podanych kryteriów
Rozkład punktacji
Procent ludzi z każdym wynikiem
Percentyl według liczby udzielonych odpowiedzi
Twoja historia wyników
Nie rozwiązałeś tego quizu od ostatniego zresetowania